| 000 | 00626nam a2200241 a 4500 | ||
|---|---|---|---|
| 999 |
_c8224 _d8224 |
||
| 001 | 8224 | ||
| 003 | BD-JhCC | ||
| 005 | 20180219134650.0 | ||
| 008 | 180219s1962 u |||| || | 001 0 eng d | ||
| 035 | _a(BD-JhCC)8224 | ||
| 040 |
_aBD-JhCC _dBD-JhCC |
||
| 041 | _aeng | ||
| 082 |
_a151.223 _bSUP 1962 |
||
| 100 | _aSuper, Donald E. | ||
| 245 |
_aAppraising Vocational Fitness / _cDonald E. Super and John O. Crites |
||
| 260 |
_aNew York ; _bHarper & Row Publishers, _c1962. |
||
| 300 |
_a688 p. : _c24 cm. |
||
| 504 | _aIncludes Index | ||
| 650 | _aAbility | ||
| 651 | _xTesting | ||
| 942 |
_2ddc _cBK |
||